书目信息 |
| 题名: |
希特勒全传
|
|
| 作者: | 郭伟强 著 | |
| 分册: | 下 | |
| 出版信息: | 西宁 青海人民出版社 1996.11 |
|
| 页数: | 2册 | |
| 开本: | 32开 | |
| 丛书名: | ||
| 单 册: | ||
| 中图分类: | K516.7 | |
| 科图分类: | ||
| 主题词: | 东欧--历史 , 中欧--历史 | |
| 电子资源: | ||
| ISBN: | 7-225-01020-4 | |
| 000 | 00565nam0 2200205 45 | |
| 001 | 0012201067 | |
| 005 | 20061123090735.20 | |
| 010 | @a7-225-01020-4@d20.00元 | |
| 100 | @a20001220d1996 km y0chiy0120 ea | |
| 101 | 0 | @achi |
| 105 | @a z 000yy | |
| 200 | 1 | @a希特勒全传@Axi te le quan chuan@h下@f郭伟强著@FGuo Wei Qiang Zhu |
| 210 | @a西宁@c青海人民出版社@d1996.11 | |
| 215 | @a2册@d32开 | |
| 606 | 0 | @a东欧@x历史 |
| 606 | 0 | @a中欧@x历史 |
| 690 | @aK516.7@v3 | |
| 701 | 0 | @a郭伟强@4著 |
| 801 | @aCN@bPftUser@c20061123 | |
| 905 | @dK516.7@eG693:2@b402556-557@f2 | |
| 希特勒全传.下/郭伟强著.-西宁:青海人民出版社,1996.11 |
| 2册;32开 |
| ISBN 7-225-01020-4:20.00元 |
| ● |
| 相关链接 |
|
|
|
正题名:希特勒全传
索取号:K516.7/G693:2
 
预约/预借
| 序号 | 登录号 | 条形码 | 馆藏地/架位号 | 状态 | 备注 |
| 1 | 402556 | 204025562 | 社科库309/309社科库 40排5列6层/ [索取号:K516.7/G693:2] | 在馆 | |
| 2 | 402557 | 204025571 | 社科库309/309社科库 40排5列6层/ [索取号:K516.7/G693:2] | 在馆 |